Normal view
MARC view
- Taqi Usmani
Entry Personal Name
001 - CONTROL NUMBER
- control field: 77720
003 - CONTROL NUMBER IDENTIFIER
- control field: NUST
005 - DATE AND TIME OF LATEST TRANSACTION
- control field: 20210628205955.0
008 - FIXED-LENGTH DATA ELEMENTS
- fixed length control field: 210628|| aca||aabn | a|a d
040 ## - CATALOGING SOURCE
- Original cataloging agency: NUST
- Transcribing agency: NUST
100 ## - HEADING--PERSONAL NAME
- Personal name: Taqi Usmani
670 ## - SOURCE DATA FOUND
- Source citation: Work cat.: (NUST): Taqi Usmani, Aloom- ul- quran, 2004
